LEADER 01804nam a2200373 a 4500 001 000000156720 003 CaOOAMICUS 005 20161125094848.0 008 161125s2016 it u000 u ita r 020 $a978885489575-1* 032 $aLibriCat 040 $aPUL$bita 082 04$a362.76 100 1 $aPacciolla, Aureliano.$0(OLS)http://pul/name/52795 245 10$aPersonalità, pedofilia e DSM-5 :$bcome i sex offenders raccontano le loro storie /$cAureliano Pacciolla, Mara Romiti, Marianna Pacciolla ; presentazione di Nicolò Marcello D'Angelo ; postfazione Cristina Bresciani, Francesco Catozzella. 260 $aRoma :$bAracne,$c©2016. 300 $a309 p. ;$c21 cm. 490 1 $aA11 504 $aContiene riferimenti bibliografici. 650 4$aPedofilia.$0(OLS)http://pul/subject/27607 700 1 $aCatozzella, Francesco,$d1977-$0(OLS)http://pul/name/64392 700 1 $aD'Angelo, Nicolò Marcello.$0(OLS)http://pul/name/99955 700 1 $aBresciani, Cristina.$0(OLS)http://pul/name/99954 700 1 $aRomiti, Mara.$0(OLS)http://pul/name/99957 700 1 $aPacciolla, Marianna.$0(OLS)http://pul/name/99956 830 0$aA 11. Scienze storiche, filosofiche, pedagogiche e psicologiche (Aracne).$0(OLS)http://pul/title/136508 850 $aPUL 852 $aPUL$W1$xSL Diritto e Scienze Sociali 3$y79$m362. 76 PACAV 1$j180004$qDDC 21$B183127$CPULBib$Z2$F183127 $H128384 $81 941 1 $a9 996 $6020$a978885489575-1*$9(OLS)http://pul/number/161509 996 $6082$a362.76$9(OLS)http://pul/classification/2586 996 $6245$aPersonalità, pedofilia e DSM-5 :$bcome i sex offenders raccontano le loro storie$9(OLS)http://pul/title/196327 996 $6260$aRoma :$bAracne$9(OLS)http://pul/publisher/62189 LEADER 01438nam a2200325 a 4500 001 000000119482 003 CaOOAMICUS 005 20150922153438.0 008 100122t2009 it u000 u ita r 020 $z978-88-03751-8* 040 $aPUL$bita$dReb 100 1 $aTettamanzi, Dionigi,$ccardinale,$d1934-2017.$0(OLS)http://pul/name/30831 245 10$aEtica e capitale /$cDionigi Tettamanzi. 260 $aMilano :$bRizzoli ;$aMilano :$bR.C.S. Libri,$c©2009. 300 $a206 p.$c22 cm 500 $aPrefazione di Mario Monti. 610 24$aPapi (2005-2013 : Benedictus XVI)$tCaritas in veritate.$0(OLS)http://pul/subject/38365 650 4$aEconomia e morale.$0(OLS)http://pul/subject/4797 700 1 $aMonti, Mario.$0(OLS)http://pul/name/74672 850 $aPUL 852 $aPUL$W1$xDP1 Fondo S. Lanza$y121$m4 A 56$j115730$qFondi$B169570$CPULBib$Z2$F169570 $HLAN1885 $82 852 $aPUL$W1$xSL Religione 3$y85$m261. 8 TETDI 1$j137074$qDDC 21$B136144$CPULBib$Z2$F136144 $H112090 $82 941 1 $a9 941 1 $a1 960 $aEtica e economia$94797 960 $aEtica e economia$94797 996 $6020$z978-88-03751-8*$9(OLS)http://pul/number/143092 996 $6245$aEtica e capitale$9(OLS)http://pul/title/150318 996 $6260$aMilano :$bRizzoli$9(OLS)http://pul/publisher/48712 996 $6260$aMilano :$bR.C.S. Libri$9(OLS)http://pul/publisher/74600